მუშები საქართველოში და შრომის გმირი ხოშტარია. (ბიბ.ჩანაწერი № 42898)
[ მარტივი ფორმატი ]
| 000 -LEADER | |
|---|---|
| fixed length control field | 00629nam a2200205Ia 4500 |
| 001 - CONTROL NUMBER | |
| control field | 9613 |
| 003 - CONTROL NUMBER IDENTIFIER | |
| control field | GE_BSU |
| 008 - FIXED-LENGTH DATA ELEMENTS--GENERAL INFORMATION | |
| fixed length control field | 181216s||||||||xx |||||||||||||| ||und|| |
| 040 ## - CATALOGING SOURCE | |
| Transcribing agency | GE_BSU |
| 080 ## - UNIVERSAL DECIMAL CLASSIFICATION NUMBER | |
| Universal Decimal Classification number | 821.353.1-11 |
| 100 ## - MAIN ENTRY--PERSONAL NAME | |
| Personal name | მეგრელი,დუტუ |
| 245 ## - TITLE STATEMENT | |
| Title | მუშები საქართველოში და შრომის გმირი ხოშტარია. |
| 245 ## - TITLE STATEMENT | |
| Remainder of title | პოემა |
| 260 ## - PUBLICATION, DISTRIBUTION, ETC. | |
| Place of publication, distribution, etc. | ტფილისი. |
| 260 ## - PUBLICATION, DISTRIBUTION, ETC. | |
| Name of publisher, distributor, etc. | სახელგამის გამ-ბა |
| 260 ## - PUBLICATION, DISTRIBUTION, ETC. | |
| Date of publication, distribution, etc. | 1933 |
| 300 ## - PHYSICAL DESCRIPTION | |
| Extent | 30გვ;15სმ. |
| 653 ## - INDEX TERM--UNCONTROLLED | |
| Uncontrolled term | პოემა |
| 942 ## - ADDED ENTRY ELEMENTS (KOHA) | |
| Koha item type | წიგნი |
არაა ხელმისაწვდომი ეგზემპლარები.
